| 000 | 00940 a2200265 4500 | ||
|---|---|---|---|
| 999 |
_c6096 _d6096 |
||
| 020 | _a9780415610155 (pbk. : alk. paper) | ||
| 050 | 0 | 0 |
_aHQ 1190 _bBUT 1993,2011 |
| 100 | 1 |
_aButler, Judith, _d1956- |
|
| 245 | 1 | 0 |
_aBodies that matter : _bon the discursive limits of "sex" / _cJudith Butler. |
| 264 |
_aLondon: _bRoutledge, _c1993,2011 |
||
| 300 | _a219 pages | ||
| 336 |
_2rdacontent _atext _btxt |
||
| 337 |
_2rdamedia _aunmediated _bn |
||
| 338 |
_2rdacarrier _avolume _bnc |
||
| 500 | _a"First published 1993 by Routledge." | ||
| 504 | _aIncludes bibliographical references and index. | ||
| 650 | 0 | _aFeminist theory. | |
| 650 | 0 |
_aSex role _xPhilosophy. |
|
| 650 | 0 | _aSex differences (Psychology) | |
| 650 | 0 |
_aSexual orientation _xPhilosophy. |
|
| 650 | 0 | _aIdentity (Psychology) | |
| 650 | 0 | _aFemininity. | |
| 942 |
_2lcc _cBK _h1190 _iBUT _kHQ |
||